Players to win an NBA championship being the only all-star on the team that year. - Statistics

General Stats
  • This quiz has been taken 716 times
  • The average score is 11 of 12
Answer Stats
Ranges from 1975-2016 In No Particular Order Answer % Correct
Cavaliers Lebron James (2016)
100%
Bulls Michael Jordan (1991)
99%
Bulls Michael Jordan (1998)
99%
Spurs Tim Duncan (2003)
98%
Mavericks Dirk Nowitzki (2011)
97%
Rockets Hakeem Olajuwon (1994)
94%
Rockets Hakeem Olajuwon (1995)
94%
Pistons Isiah Thomas (1989)
93%
Spurs Tony Parker (2014)
85%
Pistons Ben Wallace (2004)
78%
Warriors Rick Barry (1975)
66%
Bullets Elvin Hayes (1978)
54%
No matching quizzes found
Score Distribution
Percent of People with Each Score
Percentile by Number Answered
Your Score History
You have not taken this quiz